Microprocesadores de 16 bits : 68000 y 8086/8088 /
Guardado en:
| Autor Principal: | |
|---|---|
| Formato: | Libro |
| Idioma: | Spanish |
| Publicado: |
Madrid :
Paraninfo,
1985.
|
| Edición: | 2a. ed. corr y ampl. |
| Materias: | |
| Etiquetas: |
Agregar Etiqueta
Sin Etiquetas, Sea el primero en etiquetar este registro!
|
| LEADER | 00668nam a22001935a 4500 | ||
|---|---|---|---|
| 001 | EIQ.libpla003817 | ||
| 008 | 080325s1985####sp#######b####000#0#spa#d | ||
| 005 | 20080325180013.0 | ||
| 245 | 1 | 0 | |a Microprocesadores de 16 bits : |b 68000 y 8086/8088 / |c José Ma. Angulo Usategui. |
| 250 | |a 2a. ed. corr y ampl. | ||
| 260 | |a Madrid : |b Paraninfo, |c 1985. | ||
| 300 | |a 392 p. : |b il., fotos ; |c 21 cm. | ||
| 504 | |a Bibliografía: 392 p. | ||
| 020 | |a 8428314160 | ||
| 100 | 1 | |a Angulo Usategui, Jose María. | |
| 650 | 4 | |a Electrónica |x Microprocesadores. | |
| 650 | 4 | |a Electronics |x Microprocessors. | |
| 040 | |a AR-BbSID |b spa |c AR-BbSID | ||
| 859 | |a AR-BbSID |b BIB. PLAPIQUI |h 001.64 |i An 41 |p 3499 | ||
